Rain Formation in Warm Clouds: General Systems Theory / (Record no. 616633)

000 -LEADER
fixed length control field 00474nam a22001697a 4500
003 - CONTROL NUMBER IDENTIFIER
control field NUST
005 - DATE AND TIME OF LATEST TRANSACTION
control field 20260312102701.0
008 - FIXED-LENGTH DATA ELEMENTS--GENERAL INFORMATION
fixed length control field 260312b ||||| |||| 00| 0 eng d
020 ## - INTERNATIONAL STANDARD BOOK NUMBER
International Standard Book Number 978-3319132693
082 ## - DEWEY DECIMAL CLASSIFICATION NUMBER
Classification number 551.577
Author Mark SEL
100 ## - MAIN ENTRY--PERSONAL NAME
Personal name A. M. Selvam.
9 (RLIN) 133670
245 ## - TITLE STATEMENT
Title Rain Formation in Warm Clouds: General Systems Theory /
Statement of responsibility, etc. A. M. Selvam.
260 ## - PUBLICATION, DISTRIBUTION, ETC.
Place of publication, distribution, etc. Switzerland:
Name of publisher, distributor, etc. Springer,
Date of publication, distribution, etc. 2015.
300 ## - PHYSICAL DESCRIPTION
Extent 98 p ;
Dimensions 29.8 cm
563 ## - BINDING INFORMATION
Binding note Hardcover
942 ## - ADDED ENTRY ELEMENTS (KOHA)
Source of classification or shelving scheme
Koha item type Book
Holdings
Withdrawn status Lost status Source of classification or shelving scheme Damaged status Not for loan Permanent Location Current Location Date acquired Total Checkouts Full call number Barcode Date last seen Price effective from Koha item type
          Institute of Geographical Information Systems (IGIS) Institute of Geographical Information Systems (IGIS) 03/12/2026   551.577 SEL IGIS-1190 03/12/2026 03/12/2026 Book
          Institute of Geographical Information Systems (IGIS) Institute of Geographical Information Systems (IGIS) 03/12/2026   551.577 SEL IGIS-1191 03/12/2026 03/12/2026 Book
© 2023 Central Library, National University of Sciences and Technology. All Rights Reserved.